All Countries Without A Military - Statistics

General Stats
  • This quiz has been taken 29 times
  • The average score is 16 of 22
Answer Stats
Answer % Correct
Vatican City
92%
Liechtenstein
88%
Monaco
85%
San Marino
85%
Kiribati
81%
Nauru
81%
Saint Lucia
81%
Saint Vincent
81%
Andorra
77%
Solomon Islands
77%
Vanuatu
77%
Costa Rica
73%
Grenada
73%
Marshall Islands
73%
Samoa
73%
Tuvalu
73%
Palau
69%
Dominica
65%
Iceland
65%
Mauritius
62%
Panama
54%
FSM
19%
No matching quizzes found
Score Distribution
Percent of People with Each Score
Percentile by Number Answered
Your Score History
You have not taken this quiz